Statistics for Top 15 Celebrities Born In 1978

Click here to take the quiz!

General Stats

  • This quiz has been taken 166 times
  • The average score is 7 of 15

Answer Stats

Answer% Correct
James Corden
76%
John Legend
75%
Kobe Bryant
75%
Usher
68%
James Franco
56%
Ashton Kutcher
47%
Andy Samberg
44%
Rachel McAdams
40%
Zoe Saldana
34%
Bill Hader
32%
Michelle Rodriguez
30%
Katie Holmes
28%
Nelly Furtado
20%
Tia Mowry
15%
January Jones
13%

Score Distribution

Percentile by Number Answered

Percent of People with Each Score

Your Score History

You have not taken this quiz